| 000 | 00763nam a2200193 a 4500 | ||
|---|---|---|---|
| 001 | 000043655 | ||
| 005 | 20240301185228.0 | ||
| 008 | 111021s1986 dr 000 0 spa d | ||
| 040 |
_aDO-SdBNP _bspa _cBNPHU |
||
| 100 | 1 |
_aEngels, Friedrich, _d1820-1895 _960306 |
|
| 245 | 1 | 0 |
_aLudwig Feuerbach y el fin de la filosofía clásica alemana / _cFriedrich Engels. |
| 260 |
_aSanto Domingo : _bUniversitaria, _c1986. |
||
| 300 |
_a77 p. ; _c21 cm. |
||
| 490 | 1 |
_aClasicos del pensamiento universal _v1 |
|
| 490 | 1 |
_aPublicaciones de la Universidad Autónoma de Santo Domingo _v545 |
|
| 500 | _aIncluye notas a pie de páginas | ||
| 830 | 0 |
_aClasicos del pensamiento universal _n1 _971489 |
|
| 830 | 0 |
_aPublicaciones de la Universidad Autónoma de Santo Domingo _n545 _971490 |
|
| 999 |
_c43144 _d43144 |
||